Biblioteca "Ernesto Sabato"
Facultad de Derecho y Ciencias Sociales
Facultad de Lenguas
Universidad Nacional del Comahue

Comunicación, pueblo y cultura en el tiempo de las transnacionales (Record no. 11918)

MARC details
000 -CABECERA
campo de control de longitud fija 00897caa a22001692a 4500
001 - NÚMERO DE CONTROL
campo de control 006098
003 - IDENTIFICADOR DEL NÚMERO DE CONTROL
campo de control AR-FADEU
008 - DATOS DE LONGITUD FIJA--INFORMACIÓN GENERAL
campo de control de longitud fija 311216n########xxu####################dd
092 ## - ASIGNACIÓN LOCAL DE SIGNATURA TOPOGRÁFICA DEWEY (OCLC)
Número de clasificación 302.23
Número de documento/Ítem S678
100 ## - ENTRADA PRINCIPAL--NOMBRE DE PERSONA
Nombre de persona Martín Barbero, Jesús
245 ## - MENCIÓN DE TÍTULO
Título Comunicación, pueblo y cultura en el tiempo de las transnacionales
300 ## - DESCRIPCIÓN FÍSICA
Extensión PP. 165-182
500 ## - NOTA GENERAL
Nota general En: Sociología de la comunicación de masas : IV Nuevos problemas y transformación tecnológica /ed. Miguel de Moragas Spá. Barcelona : Gustavo Gili, 1985
773 0# - ENLACE AL DOCUMENTO FUENTE/ENTRADA DE REGISTRO ANFITRIÓN
Número bibliográfico anfitrión 11885
Número de ítem anfitrión 10506
Encabezamiento principal
Edición
Lugar, editor y fecha de publicación Barcelona
Otro identificador del documento 1885
Título SOCIOLOGIA de la comunicación de masas : IV Nuevos problemas y transformación tecnológica
Número de control del registro ( AR-FADEU) 006065
Número Internacional Normalizado para Publicaciones Seriadas
Número Internacional Estándar del Libro 84-252-1226-X
773 0# - ENLACE AL DOCUMENTO FUENTE/ENTRADA DE REGISTRO ANFITRIÓN
Número bibliográfico anfitrión 11885
Número de ítem anfitrión 10507
Encabezamiento principal
Edición
Lugar, editor y fecha de publicación Barcelona
Otro identificador del documento 12901
Título SOCIOLOGIA de la comunicación de masas : IV Nuevos problemas y transformación tecnológica
Número de control del registro ( AR-FADEU) 006065
Número Internacional Normalizado para Publicaciones Seriadas
Número Internacional Estándar del Libro 84-252-1226-X
942 ## - ELEMENTOS DE PUNTO DE ACCESO ADICIONAL (KOHA)
Tipo de ítem Koha BDGR

No items available.

Facultad de Derecho y Ciencias Sociales | Universidad Nacional del Comahue | Mendoza y Perú General Roca | Río Negro CP (8332) | Patagonia Argentina | Teléfono: 54-0298-4433670 | | Fax: 0298-4432093 | Fax alumnos: 0298-4435700